[Event "Porz op27"]
[Site "Porz"]
[Date "1991.??.??"]
[Round "9"]
[White "Schmitz, Michael"]
[Black "Putjatina, Nadezhda"]
[Result "0-1"]
[WhiteElo "2245"]
[BlackElo "2135"]

1.e4 c5 2.Nf3 Nc6 3.d4 cxd4 4.Nxd4 Qc7 5.Be3 e6 6.Be2 a6 7.O-O Nf6 8.Nc3 Bb4
9.Nxc6 bxc6 10.Nb1 Bd6 11.g3 Nxe4 12.Bf3 Nf6 13.c4 O-O 14.Bg5 Be5 15.Qe2 h6
16.Bc1 d5 17.Re1 Bd6 18.Nd2 Bb7 19.b3 d4 20.c5 Bxc5 21.Ne4 Be7 22.Bf4 Qa5
23.Rac1 Nxe4 24.Bxe4 Rfd8 25.Qg4 Kh8 26.Red1 Rac8 27.b4 Bxb4 28.Qh4 Bf8 29.g4 g5
30.Qh5 Rd7 31.Be3 Bg7 32.Rxd4 Rxd4 33.Bxd4 Kg8 34.Be3 Qe5 35.Bg2 Rd8 36.h4 Rd3
37.Kh1 Qb2 38.Re1 c5 39.hxg5 Qb4 40.Rc1 Bxg2+ 41.Kxg2 Rxe3 42.gxh6 Qe4+ 43.Kf1 Qd3+
44.Kg2 Re5 45.h7+ Qxh7  0-1

[Event "San Sebastian op"]
[Site "San Sebastian"]
[Date "1991.??.??"]
[Round "8"]
[White "Sanchez Almeyra, Jorge"]
[Black "Urday, Henry"]
[Result "1/2-1/2"]
[WhiteElo "2415"]
[BlackElo "2480"]

1.e4 c5 2.Nf3 Nc6 3.d4 cxd4 4.Nxd4 Qb6 5.Nb3 Nf6 6.Nc3 e6 7.Bd3 a6 8.Be3 Qc7
9.f4 d6 10.Qf3 Be7 11.O-O-O b5 12.Kb1 Bb7 13.g4 Nd7 14.Qf2 O-O 15.g5 Nc5
16.Nxc5 dxc5 17.e5 c4 18.Bb6 Qc8 19.Bxh7+ Kxh7 20.Qh4+ Kg8 21.Ne4 Nxe5 22.fxe5 Bxe4
23.Qxe4 Rb8 24.Be3 Qb7 25.Qg4 Rbd8 26.g6 Rxd1+ 27.Rxd1 Qc6 28.Bg5 Bxg5 29.gxf7+ Rxf7
30.Qxg5 Qf3 31.Qd8+ Kh7 32.Qh4+ Kg8 33.Qd8+ Kh7 34.Qh4+ Kg8 35.Qd8+  1/2-1/2

[Event "Skopje"]
[Site "Skopje"]
[Date "1991.??.??"]
[Round "6"]
[White "Kocovski, Ivan"]
[Black "Redzepagic, Rolando"]
[Result "1/2-1/2"]
[WhiteElo "2325"]
[BlackElo "2340"]

1.Nf3 c5 2.e4 Nc6 3.d4 cxd4 4.Nxd4 Qb6 5.Nb3 e6 6.Bd3 Nf6 7.Nc3 a6 8.O-O Be7
9.Be3 Qc7 10.f4 d6 11.a4 b6  1/2-1/2

[Event "SLO-ch"]
[Site "SLO"]
[Date "1991.??.??"]
[Round "?"]
[White "Grosar, Aljosa"]
[Black "Gostisa, Leon"]
[Result "1/2-1/2"]
[WhiteElo "2470"]
[BlackElo "2430"]

1.e4 c5 2.Nf3 Nc6 3.d4 cxd4 4.Nxd4 Qc7 5.Nc3 e6 6.Be2 a6 7.Be3 Nf6 8.O-O Bb4
9.Na4 O-O 10.Nxc6 bxc6 11.Nb6 Rb8 12.Nxc8 Rfxc8 13.Bxa6 Rd8 14.Bd3 Bd6 15.f4 e5
16.f5 Be7 17.b3 d5 18.Qf3 Qa5 19.Kh1 Qc3 20.Rad1 Rd7 21.Bd2 Qc5 22.Be3 Qb4
23.c4 Rbd8 24.Rc1 h6 25.h3 dxe4 26.Bxe4 Bc5 27.Rce1 Bxe3 28.Rxe3 Rd4 29.Rfe1 Qa5
30.Bxc6 Qxa2 31.Rxe5 Rd3 32.R5e3 Qxb3 33.Bd5 Rxe3 34.Qxe3 Qxe3 35.Rxe3 Nxd5
36.Rd3 Kf8 37.cxd5 Ke7 38.Kh2 Kf6 39.g4 Ke5 40.Kg3  1/2-1/2

[Event "Star Dojran"]
[Site "Star Dojran"]
[Date "1991.??.??"]
[Round "3"]
[White "Nedev, Trajce"]
[Black "Kurajica, Bojan"]
[Result "0-1"]
[WhiteElo "2215"]
[BlackElo "2520"]

1.e4 c5 2.Nf3 Nc6 3.d4 cxd4 4.Nxd4 Qc7 5.Nc3 e6 6.Ndb5 Qb8 7.a4 Nf6 8.Bg5 a6
9.Na3 Nxe4 10.Nxe4 Qe5 11.Be3 Qxe4 12.Bd3 Qxg2 13.Kd2 d5 14.Qh5 d4 15.Rag1 dxe3+
16.Kc1 Qd5  0-1

[Event "Star Dojran"]
[Site "Star Dojran"]
[Date "1991.??.??"]
[Round "6"]
[White "Kiroski, Toni"]
[Black "Kurajica, Bojan"]
[Result "1/2-1/2"]
[WhiteElo "2375"]
[BlackElo "2520"]

1.e4 c5 2.Nf3 Nc6 3.d4 cxd4 4.Nxd4 Qc7 5.Nc3 e6 6.Be3 a6 7.Be2 Nf6 8.O-O Bb4
9.Na4 Bd6 10.Nb6 Rb8 11.g3 Be7 12.Nxc6 bxc6 13.Nxc8 Qxc8 14.e5 Nd5 15.Bc1 Bc5
16.Bd3 O-O 17.c4 Ne7 18.b3 a5 19.Qg4 a4 20.Rb1 axb3 21.axb3 Qc7 22.Re1 Ng6
23.Qe4 Rb7 24.Kg2 Ra8 25.Re2 Qb8 26.Bc2 Ra2 27.h4 d5 28.exd6 Qxd6 29.h5 f5
30.Qd3 Qxd3 31.Bxd3 Rxe2 32.Bxe2 Ne7 33.Bd2 Bb4 34.Bf4 Kf7 35.Rd1 Bc5 36.Rd3 Kf6
37.Bd1 e5 38.Bd2 Ke6 39.Bc3 Ng8 40.g4 g6 41.hxg6 hxg6 42.gxf5+ gxf5 43.Rh3 Nf6
44.Rh6 Rg7+ 45.Kf1 Rd7 46.Bc2 Ra7 47.f4 Bd4 48.fxe5 Bxe5 49.Bxe5 Kxe5 50.Ke2 c5
51.Rh8 Ra2 52.Kd3 Ne4 53.Rb8 Kf4 54.b4 Rb2 55.b5 Ra2 56.Rf8 Ra3+ 57.Ke2 Ra2
58.Kd1 Ra1+ 59.Ke2 Nd6 60.Rf6 Ke5 61.Rxd6 Kxd6 62.Bxf5 Ra3 63.Be4 Ke5 64.Bd5  1/2-1/2

[Event "Torcy op"]
[Site "Torcy"]
[Date "1991.??.??"]
[Round "?"]
[White "Inkiov, Ventzislav"]
[Black "Lupu, Smaranda  B"]
[Result "1-0"]
[WhiteElo "2475"]
[BlackElo "2210"]

1.e4 c5 2.Nf3 Nc6 3.d4 cxd4 4.Nxd4 Qc7 5.Nc3 e6 6.g3 a6 7.Bg2 d6 8.O-O Bd7
9.Nxc6 Bxc6 10.Re1 Be7 11.Bf4 e5 12.Be3 Nf6 13.a4 b6 14.f4 O-O 15.f5 Rfc8
16.g4 h6 17.Qf3 Qb7 18.h4 Nxe4 19.Nxe4 d5 20.Qg3 dxe4 21.g5 Kh7 22.Qxe5 Qc7
23.Qxc7 Rxc7 24.Bxb6 Rb7 25.a5 Rc8 26.Rxe4 hxg5 27.Rc4 Bxg2 28.Rxc8 Be4 29.Rf1 Rd7
30.Rc4  1-0

[Event "Torcy op"]
[Site "Torcy"]
[Date "1991.??.??"]
[Round "?"]
[White "Sighirdjian, Eric Michael"]
[Black "Lupu, Smaranda  B"]
[Result "1-0"]
[WhiteElo "2100"]
[BlackElo "2210"]

1.e4 c5 2.Nf3 Nc6 3.d4 cxd4 4.Nxd4 Qc7 5.Be3 e6 6.Be2 Nf6 7.Nc3 a6 8.a3 b5
9.O-O Bb7 10.Nxc6 Bxc6 11.Bd3 d6 12.Qe2 Be7 13.f4 O-O 14.Rf3 Ng4 15.Bd2 f5
16.Rg3 Qa7+ 17.Be3 Nxe3 18.Rxe3 fxe4 19.Nxe4 Rxf4 20.Kh1 Raf8 21.Rg3 Qd4
22.Nc3 Qe5 23.Qxe5 dxe5 24.Re3 Rf2 25.Ne4 R2f4 26.h3 h6 27.Rae1 Bh4 28.g3 Rxe4
29.Bxe4 Bxe4+ 30.Rxe4 Bxg3 31.R1e2 Bf4 32.a4 Rb8 33.Rb4 Kf7 34.c4 Kf6 35.cxb5 a5
36.Rb3 Rb6 37.Rc2 e4 38.Rc6 e3 39.Kg2 Rb8 40.Kf3 Kf5 41.b6 Rd8 42.Rc2 Rd1
43.Rb5+ e5 44.b7 Rd8 45.Rc4 Ke6 46.b8=Q  1-0

[Event "Torcy op"]
[Site "Torcy"]
[Date "1991.??.??"]
[Round "?"]
[White "Dukaczewski, Piotr"]
[Black "Giffard, Nicolas"]
[Result "0-1"]
[WhiteElo "2225"]
[BlackElo "2305"]

1.e4 c5 2.Nf3 Nc6 3.d4 cxd4 4.Nxd4 Qb6 5.Nb3 Nf6 6.Nc3 e6 7.a3 d6 8.Be3 Qc7
9.f4 a6 10.g4 Be7 11.g5 Nd7 12.a4 b6 13.Nd4 Nxd4 14.Bxd4 O-O 15.Qh5 Bb7 16.O-O-O e5
17.Be3 exf4 18.Bxf4 b5 19.Rd3 Rfc8 20.Rh3 Bxe4 21.Bd3 Bxd3 22.cxd3 Nf8 23.Kd2 bxa4
24.Rf1 Rab8 25.Nd5 Qa5+ 26.Nc3 Rxb2+ 27.Ke3 Qxc3 28.g6 Qd2+ 29.Ke4 Rb4+  0-1

[Event "Vienna op"]
[Site "Vienna"]
[Date "1991.??.??"]
[Round "6"]
[White "Moiseev, Viktor"]
[Black "Schlueter, Wolfgang"]
[Result "1-0"]
[WhiteElo "2480"]
[BlackElo "2270"]

1.e4 c5 2.Nf3 Nc6 3.d4 cxd4 4.Nxd4 Qb6 5.Nb3 Nf6 6.Nc3 e6 7.Bd3 Be7 8.Be3 Qc7
9.f4 d6 10.O-O a6 11.Qf3 O-O 12.a4 b6 13.Rae1 Bb7 14.Qh3 Nb4 15.Nd4 Rfe8
16.Kh1 Bf8 17.Nf3 e5 18.fxe5 dxe5 19.Nh4 Bc8 20.Nf5 Kh8 21.Qh4 Be6 22.Nxg7 Bxg7
23.Rxf6 Nxd3 24.cxd3 Qd8 25.Bg5 Qxd3 26.Rh6 Qd6 27.Rxh7+ Kg8 28.Rxg7+  1-0

[Event "Vrnjacka Banja"]
[Site "Vrnjacka Banja"]
[Date "1991.??.??"]
[Round "9"]
[White "Mitkov, Nikola"]
[Black "Matulovic, Milan"]
[Result "1/2-1/2"]
[WhiteElo "2370"]
[BlackElo "2470"]

1.e4 c5 2.Nf3 Nc6 3.d4 cxd4 4.Nxd4 Qc7 5.Nc3 e6 6.Be2 a6 7.O-O Nf6 8.Be3 Bb4
9.Na4 Bd6 10.Nxc6 bxc6 11.h3 Be7 12.Nb6 Rb8 13.Nxc8 Qxc8 14.e5 Nd5 15.Bc1 Bc5
16.Qd3 O-O 17.Qxa6 Qxa6 18.Bxa6 Nb4 19.Bd3 Nxd3 20.cxd3 Bd4 21.Rb1 Ra8 22.a3 Rfb8
23.b4 Bxe5 24.Rb3 Kf8 25.Re1 Rb5 26.Be3 Ke8 27.Kf1 f5 28.Ke2 Kd8 29.Rc1 Bd6
30.Rc4 Ke7 31.Bg5+ Ke8 32.Be3 Ke7 33.Bg5+ Ke8 34.Be3  1/2-1/2

[Event "Ajka op"]
[Site "Ajka"]
[Date "1992.??.??"]
[Round "5"]
[White "Neverov, Anatoly"]
[Black "Kogan, Artur"]
[Result "0-1"]
[WhiteElo "2295"]
[BlackElo "2350"]

1.e4 c5 2.Nf3 Nc6 3.d4 cxd4 4.Nxd4 Qc7 5.Nc3 e6 6.g3 a6 7.Bg2 Nf6 8.O-O Nxd4
9.Qxd4 Bc5 10.Bf4 d6 11.Qd2 h6 12.Rad1 e5 13.Be3 Ke7 14.f4 Be6 15.fxe5 dxe5
16.h3 Rac8 17.Nd5+ Bxd5 18.exd5 Rhd8 19.Kh1 Qd6 20.c3 b5 21.Rf5 Nd7 22.g4 f6
23.g5 hxg5 24.Bxg5 g6 25.Rff1 Rh8 26.Be3 Rh5 27.Rf3 Nb6 28.Rg3 Nc4 29.Bxc5 Rxc5
30.Qc1 f5 31.b3 Nb6 32.Qa3 Nd7 33.Rgd3 e4 34.b4 Rc8 35.Re3 Ne5 36.Qc1 Ng4
37.Re2 Qh2+  0-1

[Event "Akropolis"]
[Site "Athens"]
[Date "1992.??.??"]
[Round "3"]
[White "Santo Roman, Marc"]
[Black "Grivas, Efstratios"]
[Result "1/2-1/2"]
[WhiteElo "2495"]
[BlackElo "2465"]

1.e4 c5 2.Nf3 Nc6 3.d4 cxd4 4.Nxd4 Qb6 5.Nb3 Nf6 6.Nc3 e6 7.Bd3 Be7 8.Be3 Qc7
9.f4 d6 10.g4 a6 11.g5 Nd7 12.Qh5 b5 13.O-O Nb4 14.Bd4 g6 15.Qh6 Bf8 16.Qh4 e5
17.Be3 Bb7 18.f5 Nc5 19.fxg6 fxg6 20.Rac1 Nbxd3 21.cxd3 O-O-O 22.d4 exd4
23.Bxd4 Bg7 24.Nd5 Bxd5 25.exd5 Kb8 26.Nxc5 dxc5 27.Rxc5 Qb7 28.Qg3+ Ka8
29.Bxg7 Qxg7 30.Rf6 Qa7 31.Qa3 a5 32.Kg2 Rhe8 33.Rxb5 Re2+ 34.Kf1 Rde8 35.Qxa5 Re1+
36.Kg2 R8e2+ 37.Kf3 Re3+ 38.Kf4 Rf1+ 39.Kg4 Re4+ 40.Kh3 Re3+  1/2-1/2

[Event "Athens schev (Women)"]
[Site "Athens"]
[Date "1992.??.??"]
[Round "5"]
[White "Veroci, Zsuzsa"]
[Black "Makropoulou, Marina"]
[Result "1/2-1/2"]
[WhiteElo "2310"]
[BlackElo "2305"]

1.e4 c5 2.Nf3 Nc6 3.d4 cxd4 4.Nxd4 Qc7 5.Nc3 e6 6.g3 a6 7.Bg2 Nf6 8.O-O Bc5
9.Nb3 Be7 10.a4 d6 11.Qe2 O-O 12.f4 b6 13.Be3 Rb8 14.g4 Na5 15.Nd2 Re8 16.g5 Nd7
17.Kh1 Bb7 18.Qf2  1/2-1/2

[Event "Akropolis"]
[Site "Athens"]
[Date "1992.??.??"]
[Round "5"]
[White "Santo Roman, Marc"]
[Black "Vragoteris, Antonios"]
[Result "0-1"]
[WhiteElo "2495"]
[BlackElo "2360"]

1.e4 c5 2.Nf3 Nc6 3.d4 cxd4 4.Nxd4 Qb6 5.Nb3 Nf6 6.Nc3 e6 7.Bd3 a6 8.Be3 Qc7
9.Na4 Be7 10.Nb6 Rb8 11.f4 d6 12.Qf3 O-O 13.c3 Nd7 14.Qf2 Bd8 15.Nxc8 Rxc8
16.O-O Bf6 17.a4 Na5 18.Nd2 Rfe8 19.Rfd1 g6 20.Rac1 Bg7 21.b4 Nc6 22.a5 Ne7
23.Nc4 Nf6 24.h3 d5 25.Nb6 Rcd8 26.e5 Ne4 27.Qf3 f5 28.Bf1 g5 29.g3 gxf4
30.gxf4 Ng6 31.c4 Qf7 32.cxd5 Nh4 33.Qe2 Qg6+ 34.Bg2 Kh8 35.dxe6 Rxd1+ 36.Rxd1 Nc3
37.Qf2 Nxd1 38.Qxh4 Nxe3 39.Qg5  0-1

[Event "Akropolis op"]
[Site "Athens"]
[Date "1992.??.??"]
[Round "6"]
[White "Kondou, Eva"]
[Black "Makropoulou, Marina"]
[Result "0-1"]
[WhiteElo "2245"]
[BlackElo "2305"]

1.e4 c5 2.Nf3 Nc6 3.d4 cxd4 4.Nxd4 Qc7 5.Nb5 Qb8 6.c4 Nf6 7.N5c3 e6 8.f4 d6
9.Be2 Be7 10.O-O O-O 11.Be3 b6 12.Nd2 Bb7 13.g4 Rd8 14.g5 Nd7 15.a3 a5 16.Rf3 Ba6
17.Rh3 Nf8 18.Bd3 g6 19.Qf3 Rd7 20.Qf2 Qc8 21.Rh6 Rb8 22.Be2 Bd8 23.Rf1 Ne7
24.Nf3 Bxc4 25.Rc1 Rc7 26.Bxc4 Rxc4 27.Rd1 b5 28.Rxd6 b4 29.Ne5 bxc3 30.bxc3 Rxc3
31.Ng4 Nc6 32.Rxd8 Qxd8 33.Nf6+ Kg7 34.Qh4 Qd1+ 35.Kg2 Rb2+ 36.Bf2 Rxf2+
37.Qxf2 Rc2 38.Ne8+ Kh8 39.Nf6 Rxf2+ 40.Kxf2 Qd2+ 41.Kf3 Nd4+  0-1

[Event "Balatonbereny op"]
[Site "Balatonbereny"]
[Date "1992.??.??"]
[Round "5"]
[White "Videki, Sandor"]
[Black "Horvath, Jozsef"]
[Result "1/2-1/2"]
[WhiteElo "2375"]
[BlackElo "2505"]

1.e4 c5 2.Nf3 Nc6 3.d4 cxd4 4.Nxd4 Qc7 5.Nb5 Qb8 6.c4 Nf6 7.N5c3 e6 8.Be2 Bc5
9.Nd2 O-O 10.O-O Bd4 11.Qc2 a6 12.Nb3 Ba7 13.Bg5 Qe5 14.Bh4 Nh5 15.Bxh5 Qxh5
16.Bg3 b5 17.Bd6 bxc4 18.Nd2 Nd4 19.Qd1 Qxd1 20.Rfxd1 Re8 21.Nxc4 Nb5 22.Bg3 Nxc3
23.bxc3 d5 24.Nd6 Rd8 25.exd5 exd5 26.Rxd5 Be6 27.Rd2 h6 28.h3 Rd7 29.Rad1  1/2-1/2

[Event "Balatonbereny op"]
[Site "Balatonbereny"]
[Date "1992.??.??"]
[Round "6"]
[White "Hennigan, Michael"]
[Black "Vragoteris, Antonios"]
[Result "1-0"]
[WhiteElo "2400"]
[BlackElo "2340"]

1.e4 c5 2.Nf3 Nc6 3.d4 cxd4 4.Nxd4 Qb6 5.Nb3 Nf6 6.Nc3 e6 7.Bd3 d6 8.Be3 Qc7
9.f4 Be7 10.Qf3 a6 11.a4 b6 12.O-O O-O 13.g4 Bb7 14.g5 Nd7 15.Qh3 Rfe8 16.Rf3 g6
17.Raf1 Bf8 18.Qh4 Rac8 19.Rh3 h5 20.f5 Nce5 21.f6 Nxd3 22.cxd3 Ne5 23.Ne2 Qc2
24.Nf4 Bxe4 25.dxe4 Qxe4 26.Nd2 Qxa4 27.Nxg6 Qxh4 28.Nxh4 Rc2 29.Ndf3 Ng4
30.g6 d5 31.gxf7+ Kxf7 32.Ng5+  1-0

[Event "Bankia tt"]
[Site "Bankia"]
[Date "1992.??.??"]
[Round "6"]
[White "Panbukchian, Valentin"]
[Black "Lalev, Dimitar"]
[Result "1-0"]
[WhiteElo "2340"]
[BlackElo "2425"]

1.e4 c5 2.Nf3 Nc6 3.d4 cxd4 4.Nxd4 Qc7 5.Nc3 e6 6.f4 Nxd4 7.Qxd4 a6 8.Be3 b5
9.Be2 Bb7 10.Rd1 Rc8 11.O-O Nf6 12.Bf3 Qc4 13.Qb6 Bc5 14.Bxc5 Qxc5+ 15.Qxc5 Rxc5
16.e5 Bxf3 17.Rxf3 b4 18.exf6 bxc3 19.fxg7 Rg8 20.Rxc3 Rxc3 21.bxc3 Ke7 22.Rd4 Rxg7
23.Kf2 Rg8 24.Rb4 h5 25.c4 Rc8 26.g3 f5 27.Ra4 d6 28.Ke3 h4 29.Kd4 hxg3 30.hxg3 Rg8
31.Ra3 Kd7 32.c5 dxc5+ 33.Ke5 c4 34.Kd4 Rg4 35.Re3 Rg8 36.Kxc4 Rc8+ 37.Kd3 Kd6
38.Kd2 Rh8 39.Ra3 Rh2+ 40.Kc1 Rf2 41.Rxa6+ Kd5 42.Ra3 Kc4 43.Re3 Rg2 44.Rxe6 Rxg3
45.Re5 Rf3 46.Rxf5 Kc3 47.Kd1 Kb2 48.Ra5 Rf2 49.f5 Kc3 50.Ke1  1-0

[Event "Belgrade"]
[Site "Belgrade"]
[Date "1992.??.??"]
[Round "5"]
[White "Arakhamia, Ketevan"]
[Black "Maric, Alisa"]
[Result "1/2-1/2"]
[WhiteElo "2445"]
[BlackElo "2400"]

1.e4 c5 2.Nf3 Nc6 3.d4 cxd4 4.Nxd4 Qc7 5.Nc3 e6 6.Be2 a6 7.O-O Nf6 8.Be3 Be7
9.f4 d6 10.Qe1 O-O 11.Qg3 Nxd4 12.Bxd4 b5 13.a3 Bb7 14.Rae1 Rae8 15.Kh1 Bd8
16.e5 dxe5 17.Bxe5 Qc8 18.Bd3 g6 19.Bd6 Be7 20.Bxe7 Rxe7 21.f5 Qd8 22.Qe5 Ree8
23.fxe6 fxe6 24.h3 Qe7 25.Rf4 Nh5 26.Rg4 Qg7 27.Qd6 Qe7 28.Qe5 Qg7 29.Qxg7+ Kxg7
30.a4 bxa4 31.Nxa4 Nf4 32.Be4 Bxe4 33.Rxe4 e5 34.Nc5 Nd5 35.Ra4 Rf2 36.c4 Nf6
37.Rg3 Rxb2 38.Rxa6 Rc2 39.Rf3 Nh5 40.Ne6+ Kg8 41.Rc6 e4 42.Re3 Ng7 43.Rxe4 Nxe6
44.Rexe6 Rxe6  1/2-1/2

[Event "Berliner Sommer"]
[Site "Berlin"]
[Date "1992.??.??"]
[Round "?"]
[White "Stoinev, Metodi"]
[Black "Kovalev, Andrei"]
[Result "0-1"]
[WhiteElo "2400"]
[BlackElo "2580"]

1.e4 c5 2.Nf3 Nc6 3.d4 cxd4 4.Nxd4 Qb6 5.Nb3 Nf6 6.Nc3 e6 7.g3 Bb4 8.Bg2 d5
9.exd5 Nxd5 10.Bd2 Nxc3 11.bxc3 Be7 12.O-O O-O 13.Rb1 Qc7 14.Nd4 Rd8 15.Nxc6 bxc6
16.Qe2 Qa5 17.Rfd1 Ba6 18.Qe1 Qa4 19.Be4 Bb5 20.Qe3 Qxa2 21.Ra1 Qc4 22.Bd3 Qd5
23.c4 Bxc4 24.Ba5 Re8 25.Bxh7+ Kxh7 26.Rxd5 exd5 27.Rb1 Bb4 28.Qf4 Bxa5 29.Rb7 Re1+
30.Kg2 Rae8 31.Rxa7 Bf1+ 32.Kf3 R8e6 33.Qh4+ Rh6 34.Qe7 Rf6+ 35.Kg4 Bb6 36.Rb7 Bxf2
37.Qf8 Be2+ 38.Kh3 Bf3 39.Rb4 d4 40.Rxd4 Bxd4 41.g4 Bf2 42.g5 Rf5 43.Qa3 Rf4
44.g6+ fxg6  0-1

[Event "Bucharest-B"]
[Site "Bucharest"]
[Date "1992.??.??"]
[Round "?"]
[White "Munteanu, Alexandru"]
[Black "Vasilescu, Lucian"]
[Result "1/2-1/2"]
[WhiteElo "2330"]
[BlackElo "2430"]

1.e4 c5 2.Nf3 Nc6 3.d4 cxd4 4.Nxd4 Qc7 5.Nb5 Qb8 6.c4 Nf6 7.N5c3 e6 8.f4 d6
9.Nd2 g6 10.Nf3 Bg7 11.Bd3 O-O 12.O-O a6 13.Kh1 Rd8 14.Qe1 Nb4 15.Bb1 b5
16.e5 Ne8 17.cxb5 axb5 18.Qh4 Nc6 19.Ne4 Qc7 20.Nf6+ Nxf6 21.exf6 Bf8 22.f5 Ra4
23.Qh3 Ne5 24.fxg6 fxg6 25.Nxe5 dxe5 26.Bh6 Qf7 27.Bc2 Rb4 28.Bb3 Bxh6 29.Qxh6 Rdd4
30.Rac1 Bd7 31.Rc7 Rf4 32.Rfc1 Rxf6 33.Rc8+ Be8 34.h3 Qf8 35.Qxf8+ Rxf8 36.Bxe6+ Bf7
37.Bxf7+ Kxf7 38.R1c7+ Kg8 39.Rxf8+ Kxf8 40.Rxh7 Rxb2 41.Rb7 e4 42.Kg1 e3
43.Kf1 Rf2+ 44.Ke1 Rxa2 45.Rxb5 Rxg2 46.Re5 Rg3 47.h4 Kg7 48.h5 g5 49.Re6 Kh7
50.Ke2 Rh3 51.Rxe3 Rh2+ 52.Kf3 Kh6 53.Re8  1/2-1/2

[Event "Bucharest"]
[Site "Bucharest"]
[Date "1992.??.??"]
[Round "?"]
[White "Moldovan, Daniel"]
[Black "Vasilescu, Lucian"]
[Result "0-1"]
[WhiteElo "2435"]
[BlackElo "2430"]

1.e4 c5 2.Nf3 Nc6 3.d4 cxd4 4.Nxd4 Qc7 5.Nc3 e6 6.Be3 a6 7.Qd2 Nf6 8.f3 b5
9.O-O-O Bb7 10.Nxc6 Qxc6 11.Ne2 Rc8 12.Nd4 Qc7 13.g4 h6 14.g5 hxg5 15.Bxg5 d5
16.exd5 Nxd5 17.Bd3 Bd6 18.Kb1 Bf4 19.Bxf4 Qxf4 20.Qg2 Kf8 21.Be4 Rc4 22.Nb3 Qc7
23.Qg5 Rh6 24.Nd4 Nf6 25.Rhg1 Ne8 26.Bxb7 Qxb7 27.Nb3 Qc7 28.Rg2 Rxh2 29.Rxh2 Qxh2
30.c3 Qf4 31.Qd8 Qxf3 32.Rd7 Qf5+ 33.Kc1 Qf1+ 34.Kc2 Qf5+ 35.Kc1 Qf6 36.Qa8 Rf4
37.Nd4 Rf1+ 38.Kc2 Rf2+ 39.Kb3 e5 40.Rd8 Qe7 41.Qh1 Qxd8 42.Qh8+ Ke7 43.Nc6+ Kd7
44.Nxd8 Kxd8 45.Qh4+ Rf6 46.a4 bxa4+ 47.Kxa4 Kd7 48.b4 Re6 49.Qe4 Nd6 50.Qa8 e4
51.Qxa6 e3 52.Qe2 f5 53.c4 f4 54.c5 f3 55.c6+ Ke7 56.Qb2 Kf7 57.Qd4 f2  0-1

[Event "Bucharest-B"]
[Site "Bucharest"]
[Date "1992.??.??"]
[Round "?"]
[White "Pasarelu, Dan"]
[Black "Vasilescu, Lucian"]
[Result "1/2-1/2"]
[WhiteElo "2305"]
[BlackElo "2430"]

1.e4 c5 2.Nf3 Nc6 3.d4 cxd4 4.Nxd4 Qc7 5.Nc3 e6 6.Be3 a6 7.Na4 b5 8.Nxc6 Qxc6
9.Nb6 Rb8 10.Nxc8 Rxc8 11.Bd3 Nf6 12.Qf3 Be7 13.O-O O-O 14.Rfe1 d6 15.Bg5 Rfe8
16.Qh3 e5 17.Re3 Nd7 18.Bxe7 Rxe7 19.b4 Nf8 20.Rc1 Ne6 21.Bf1 d5 22.exd5 Qxd5
23.c4 bxc4 24.Rec3 Rec7 25.Qg4 e4 26.Qd1 Nd4 27.a4 g6 28.Kh1 h5 29.b5 axb5
30.axb5 Rc5 31.b6 Kh7 32.b7 Rb8 33.Bxc4 Qd8 34.Ba6 Rxc3 35.Rxc3 Nc6 36.Qxd8 Rxd8
37.h3 Nb8 38.Bb5 Rd1+ 39.Kh2 Rb1 40.Rc5 h4 41.Re5 Rb2 42.Bc4 Rxb7 43.Rxe4 g5
44.Re5 f6 45.Rf5 Kg7 46.Bb5 Rb6 47.f4 Kh6 48.Kg1 Na6 49.Kf2 Nc7 50.Bd3 Rd6
51.Be4 Ne8 52.Kf3 Ng7 53.fxg5+ fxg5 54.Rf7 Re6 55.Ke3 Rb6 56.Bd3 Rd6 57.Be4 Rb6
58.Kd4 g4 59.hxg4 Ne6+ 60.Ke5 Ng5 61.Re7 Nxe4 62.Kxe4 Rb2 63.Kf3 Rb1 64.Re6+ Kg5
65.Re5+ Kg6 66.Rh5 Rb3+ 67.Kf2 Rb2+ 68.Kg1 Rb4 69.Rxh4 Kg5  1/2-1/2

[Event "Bucharest-B"]
[Site "Bucharest"]
[Date "1992.??.??"]
[Round "?"]
[White "Mircov, Nicolae"]
[Black "Vasilescu, Lucian"]
[Result "0-1"]
[WhiteElo "2210"]
[BlackElo "2430"]

1.e4 c5 2.Nf3 Nc6 3.d4 cxd4 4.Nxd4 Qc7 5.Nc3 e6 6.Be2 a6 7.O-O Nf6 8.Kh1 Nxd4
9.Qxd4 Bc5 10.Qd3 h5 11.f4 Ng4 12.Qg3 b5 13.e5 Bb7 14.Bf3 O-O-O 15.a4 b4
16.Ne4 Bxe4 17.Bxe4 Qa7 18.a5 d5 19.Bd3 Nf2+ 20.Rxf2 Bxf2 21.Qxg7 Bh4 22.Bh7 Qf2
23.h3 Rxh7 24.Qxh7 Qe1+  0-1

[Event "Spring op"]
[Site "Budapest"]
[Date "1992.??.??"]
[Round "?"]
[White "Yilmaz, Turham"]
[Black "Hansen, Soren Bech"]
[Result "1-0"]
[WhiteElo "2390"]
[BlackElo "2245"]

1.e4 c5 2.Nf3 Nc6 3.d4 cxd4 4.Nxd4 Qb6 5.Nb3 Nf6 6.Nc3 e6 7.Be3 Qc7 8.a3 d6
9.f4 a6 10.g4 b5 11.Bg2 Bb7 12.Qe2 Be7 13.h3 O-O 14.O-O Rfe8 15.g5 Nd7 16.Qf2 Bf8
17.h4 Rac8 18.h5 b4 19.axb4 Nxb4 20.Ra4 d5 21.e5 Bc6 22.Raa1 f6 23.exf6 gxf6
24.Bd4 e5 25.fxe5 fxe5 26.Qf7+ Kh8 27.g6 Re7 28.g7+ Bxg7 29.Qxe7 exd4 30.Rf7 Qe5
31.h6 Qxe7 32.hxg7+ Kg8 33.Rxe7 dxc3 34.Bh3  1-0

[Event "Budapest IM"]
[Site "Budapest"]
[Date "1992.??.??"]
[Round "2"]
[White "Fogarasi, Tibor"]
[Black "Hansen, Soren Bech"]
[Result "1/2-1/2"]
[WhiteElo "2455"]
[BlackElo "2245"]

1.e4 c5 2.Nf3 Nc6 3.d4 cxd4 4.Nxd4 Qb6 5.Nb3 Nf6 6.Nc3 e6 7.Bd3 Be7 8.O-O d6
9.Be3 Qc7 10.f4 a6 11.Qf3 O-O 12.Rae1 b5 13.a3 Rb8 14.Qg3 b4 15.axb4 Rxb4
16.Bd2 Rd8 17.e5 dxe5 18.fxe5 Rxd3 19.cxd3 Rxb3 20.exf6 Bc5+ 21.Kh1 Qxg3
22.hxg3 gxf6 23.Ne4 Bd4 24.Nxf6+ Bxf6 25.Rxf6 Rxd3 26.Bh6 Ne7 27.Rc1 Bd7
28.Rc7 Nf5 29.Bf4 Rd5 30.g4 Kg7 31.Rxd7 Rxd7 32.Be5 Nh6 33.Rxe6+ f6 34.Bc3 Nxg4
35.g3 Ra7 36.Kg2 Kg6 37.Kf3 h5 38.Kf4 a5 39.Re8 a4 40.Rg8+ Kf7 41.Rh8 Kg6  1/2-1/2

[Event "Budapest Nuovo-B"]
[Site "Budapest"]
[Date "1992.??.??"]
[Round "7"]
[White "Berebora, Ferenc"]
[Black "Payen, Arnaud"]
[Result "1/2-1/2"]
[WhiteElo "2330"]
[BlackElo "2305"]

1.e4 c5 2.Nf3 Nc6 3.d4 cxd4 4.Nxd4 Qb6 5.Nb3 Nf6 6.Nc3 e6 7.Bd3 a6 8.O-O Be7
9.a4 d6 10.Be3 Qc7 11.a5 O-O 12.Na4 Nd7 13.f4 Re8 14.c3 Bf8 15.Qf3 g6 16.g4 Rb8
17.Qf2 Bg7 18.Nb6 Nxb6 19.Bxb6 Qe7 20.h4 f6 21.Rad1 Kh8 22.Nd4 Bd7 23.Nf3 Rbc8
24.Bb1 Nd8 25.Qg3 Nf7 26.Kh2 Bc6 27.Rfe1 f5 28.g5 fxe4 29.Bxe4 Qf8 30.Qg4 d5
31.Bb1 Nd6 32.Bd4 Bxd4 33.Nxd4 Bd7 34.Qg3 Qf7 35.Rf1 Nc4 36.b4  1/2-1/2

[Event "Donau Cup op"]
[Site "Budapest"]
[Date "1992.??.??"]
[Round "8"]
[White "Lengyel, Bela"]
[Black "Fogarasi, Tibor"]
[Result "0-1"]
[WhiteElo "2375"]
[BlackElo "2455"]

1.e4 c5 2.Nf3 Nc6 3.d4 cxd4 4.Nxd4 Qc7 5.Nc3 e6 6.f4 a6 7.Be2 Nxd4 8.Qxd4 b5
9.Bf3 Bb7 10.Be3 Rc8 11.Rd1 h5 12.O-O Nf6 13.h3 h4 14.Rd2 Nh5 15.Rfd1 Bc6
16.Nd5 exd5 17.exd5 Ba8 18.d6 Qc4 19.Re1 f6 20.Bf2+ Kf7 21.Qa7 Bc6 22.Rd4 Qxc2
23.Bd5+ Kg6 24.f5+ Qxf5 25.Rg4+ Kh7 26.Bf7 g5 27.Bxh5 Bxd6 28.Rd4 Bc5 29.Bg4 Qxf2+  0-1

[Event "Budapest IM"]
[Site "Budapest"]
[Date "1992.??.??"]
[Round "9"]
[White "Szalanczy, Emil"]
[Black "Navarovszky, Laszlo"]
[Result "1-0"]
[WhiteElo "2420"]
[BlackElo "2340"]

1.e4 c5 2.Nf3 Nc6 3.d4 cxd4 4.Nxd4 Qb6 5.Nb3 Nf6 6.Nc3 e6 7.Bd3 a6 8.Qe2 d6
9.O-O Be7 10.Kh1 O-O 11.f4 Qc7 12.Bd2 b5 13.Rae1 Bb7 14.e5 dxe5 15.fxe5 Nd7
16.Bf4 Nb4 17.Be4 Bxe4 18.Qxe4 Nxc2 19.Rc1 Nb4 20.a3 Qc4 21.Qb7 Qc6 22.Qxc6 Nxc6
23.Nd5 exd5 24.Rxc6 Rfc8 25.Rfc1 Rxc6 26.Rxc6 Nf8 27.Nd4 Ng6 28.g3 Bf8 29.Kg2 b4
30.a4 a5 31.b3 Re8 32.Ra6 Nxe5 33.Rxa5 Nd3 34.Rxd5 Nc5 35.Kf3 h6 36.Bd2 g6
37.Bxb4 Nxb3 38.Bxf8 Nd2+ 39.Kg2 Kxf8 40.Ne6+ Rxe6 41.Rxd2 Ra6 42.Rd4 f5
43.Kf3 Ke7 44.Ke3 Kf6 45.Rb4 Kg5 46.Kd3 Ra8 47.Kc3 Re8 48.a5 Re3+ 49.Kc4 Kg4
50.Kb5+ Kf3 51.a6 g5 52.a7 Re8 53.Ka6 f4 54.gxf4 gxf4 55.Rb8 Re6+ 56.Ka5 Re2
57.a8=Q+  1-0

[Event "Budapest Nuovo"]
[Site "Budapest"]
[Date "1992.??.??"]
[Round "10"]
[White "Hazai, Laszlo"]
[Black "Fogarasi, Tibor"]
[Result "1/2-1/2"]
[WhiteElo "2460"]
[BlackElo "2455"]

1.e4 c5 2.Nf3 Nc6 3.d4 cxd4 4.Nxd4 Qc7 5.Nc3 e6 6.Be2 a6 7.O-O Nf6 8.Be3 Bb4
9.Na4 O-O 10.Nxc6 bxc6 11.c4 Be7 12.Bf3 d6 13.c5 d5 14.Nb6 Rb8 15.Qa4 Rd8
16.Rfd1 Bb7 17.Rac1 e5 18.exd5 cxd5 19.c6 d4 20.cxb7 Qxb6 21.Bg5 Nd5 22.Bxd5 Bxg5
23.Rc8 Rbxc8 24.bxc8=Q Rxc8 25.Bxf7+ Kh8 26.Bc4 a5  1/2-1/2